000 00740cam a22002533a 4500
001 18735
003 PGUSA
005 20140828083410.0
008 060701s2006||||xxu|||||s|||||000 1 eng d
040 _aPGUSA
_beng
042 _adc
050 4 _aPZ
245 1 4 _aThe Little Red Hen :
_bAn Old English Folk Tale
_h[electronic resource]
260 _bProject Gutenberg,
_c2006
500 _aIllustrated by the author.
506 _aPublic domain in the USA.
516 _aElectronic text
653 _aAnimals -- Juvenile fiction
653 _aChickens -- Juvenile fiction
700 1 _aWilliams, Florence White,
_d1900-1953
830 0 _aProject Gutenberg
_v18735
856 4 0 _uhttp://www.gutenberg.org/ebooks/18735
942 _cEB
999 _c247990
_d247990